LEADER 02032nam 2200397 n 450 001 996392009403316 005 20200824121827.0 035 $a(CKB)4940000000104332 035 $a(EEBO)2248541104 035 $a(UnM)99850530e 035 $a(UnM)99850530 035 $a(EXLCZ)994940000000104332 100 $a19920307d1640 uy | 101 0 $aeng 135 $aurbn||||a|bb| 200 10$aLord bishops, none of the Lords bishops. Or A short discourse, wherin is proved that prelaticall jurisdiction, is not of divine institution, but forbidden by Christ himselfe, as heathenish, and branded by his apostles for antichristian$b[electronic resource] $ewherin also sundry notable passages of the Arch-Prelate of Canterbury in his late booke, intituled, A relation of a conference, &c. are by the way met withall 210 $a[Amsterdam] $cPrinted [at the Cloppenburg Press]$din the moneth of November 1640 215 $a[88] p 300 $aBy William Prynne. 300 $aA reply to: Laud, William. A relation of the conference betweene William Lawd, then, Lrd. Bishop of St. Davids; now, Lord Arch-Bishop of Canterbury: and Mr. Fisher the Jesuite. 300 $aIdentification of printer from STC. 300 $aCf. Folger catalogue, which gives signatures: A-L?. 300 $a"Good councel for the present state of England", K2r-end. 300 $aReproduction of the original in the Union Theological Seminary (New York, N.Y.). Library. 330 $aeebo-0160 606 $aEpiscopacy$vEarly works to 1800 615 0$aEpiscopacy 700 $aPrynne$b William$f1600-1669.$0198500 801 0$bCu-RivES 801 1$bCu-RivES 801 2$bCStRLIN 801 2$bWaOLN 906 $aBOOK 912 $a996392009403316 996 $aLord bishops, none of the Lords bishops. Or A short discourse, wherin is proved that prelaticall jurisdiction, is not of divine institution, but forbidden by Christ himselfe, as heathenish, and branded by his apostles for antichristian$92424240 997 $aUNISA LEADER 01897nam0 2200385 i 450 001 MIL0093121 005 20251003044223.0 020 $aIT$b81-10261 100 $a20060227d1981 ||||0itac50 ba 101 | $aita 102 $ait 181 1$6z01$ai $bxxxe 182 1$6z01$an 183 1$6z01$anc$2RDAcarrier 200 1 $aElettronica come sfida$fRoberto Bellini ... \et al.!$ga cura di Mario Grasso$gprefazione di Piero Bolchini 210 $aMilano$cAngeli$dc1981 215 $a249 p.$cgraf.$d22 cm. 225 | $aCDRL$fCentro documentazione e ricerche per la Lombardia$v3 314 $aprefatore$9CFIV042089 410 0$1001CFI0103831$12001 $aCDRL$fCentro documentazione e ricerche per la Lombardia$v3$171202$aC.D.R.L.$3CFIV072192 676 $a004$9ELABORAZIONE DATI. SCIENZA DEGLI ELABORATORI. INFORMATICA$v20 676 $a303.483$9CAUSE DEL CAMBIAMENTO SOCIALE. SVILUPPO DELLA SCIENZA E DELLA TECNICA$v19 676 $a338.47621381$9INDUSTRIE SECONDARIE E SERVIZI. BENI E SERVIZI. INGEGNERIA ELETTRONICA$v19 686 $aSe.i.14.2.2.3$cStoria dell'economia italiana. 1963-1975. Ricerca e sviluppo$2F 702 1$aBolchini$b, Piero$3CFIV042089 702 1$aGrasso$b, Mario$f <1946- $c ; Bari>$3SBNV016677 702 1$aBellini$b, Roberto$c $3SBNV099430 801 3$aIT$bIT-000000$c20060227 850 $aIT-BN0095 901 $bNAP 01$cPOZZO LIB.$nVi sono collocati fondi di economia, periodici di ingegneria e scienze, periodici di economia e statistica e altri fondi comprendenti documenti di economia pervenuti in dono. 912 $aMIL0093121 950 0$aBiblioteca Centralizzata di Ateneo$c1 v.$d 01POZZO LIB.F. CORTI 231$e 01 0000117525E VMA 1 v.$fB $h20230725$i20230725 977 $a 01 996 $aElettronica come sfida$9889301 997 $aUNISANNIO